=LDR 00000nam 2200000 4500 =001 INLIS000000000009495 =005 20200721093142 =035 ##$$a 0010-061300000009495 =008 200721################g##########0#ind## =041 ##$$a Ind =082 ##$$a 2x0 =090 ##$$a 2x0, Jaz p =100 ##$$a Al-Jazairi, Abu bakar Jabir =245 1#$$a Pesan Dari Masjidil Haram /$c Abu Bakar jabir Al-Jazairi, penerjemah Abu Musyrifah dan Ummu Afifah =260 ##$$a Jakarta :$b Pustaka Azzam,$c 2002 =300 ##$$a 216 hlm ; $c 24 x 15 cm =650 #4$$a Islam =850 ##$$a NBPNMAT =084 ##$$a 2x0 ALJ p =700 #$$a Musyrifah, Abu (penerjemah) =990 ##$$a DW00026265 =990 ##$$a DW00026266 =990 ##$$a 169.961/pb 2002 =990 ##$$a DW00026268 =990 ##$$a 20603508 =990 ##$$a 20603509 =990 ##$$a 20603510 =990 ##$$a 20603511 =990 ##$$a 1200600623 =990 ##$$a 1200600624 =990 ##$$a 1200600625 =990 ##$$a 1200600626